000 01401cam a22002054a 4500
005 20250805102905.0
008 250528s ||||||||||||||||||||||||d
035 _a19214
020 _a335218598
040 _aGR-AtMCL
_bgre
_dGR-AtMCL
_eAACR2
245 1 _aSupporting Creativity and Imagination in the Early Years / Second Edition
250 _a2nd
260 _bOpen University Press,
_c2010
300 _a190
520 _aThis book considers creativity and imagination in the light of contemporary initiatives such as Every Child Matters, Bird to Three Matters, Sure Start and the Foundation Stage curriculum. Acknowledgements, Introduction, What are Creativity and Imagination and Why are They Important?, The Importance of Creativity and Imagination, Defining Creativity and Imagination, The Creative Process, How Do Creativity and Imagination Develop?, Child Developments and Creativity and Imagination from Birth to 6 Years, Creativity Across the Curriculum, The Contribution of the Arts to Learning, The Development of the Visual and Performing Arts, Theory into Practice, The Role of the Adult, The Organization of Space and Time and Social Contexts, Extending the Race of Experiences, Planning and Implementing and Observing and Recording and Assessing, Conclusion, Bibliography, Index.
700 1 _aDuffy, Bernadette
_92884
942 _cBK
999 _c4481
_d4481